000
00328nam a22001457a 4500
008
230512b ||||| |||| 00| 0 eng d
020
_a
9781582555102
041
_a
eng
080
_2
FIFTH EDITION
_a
610.73
082
_a
610.73LIP
100
_a
9
101
_a
INF
245
_a
SIGNS SYMPTOMS
_c
LIPPINCOTT
942
_2
udc
_c
BK
999
_c
59694
_d
59694